000 01028cam a2200289 a 4500
001 3564940
003 NUST - PNEC
005 20170116181144.0
008 980127s1997 pk b 001 0beng
010 _a 98107916
020 _a0195777832
040 _cLIBRARY
043 _aa-pk---
050 0 0 _aDS385.J5
_bB87 1997
082 0 0 _a954.9042092 BUR
_221
100 1 _aBurke, S. M.
245 1 0 _aQuaid-i-Azam Mohammad Ali Jinnah :
_bhis personality and his politics /
_cS.M. Burke and Salim Al-Din Quraishi.
260 _aKarachi ;
_aNew York :
_bOxford University Press,
_c1997.
300 _axvi, 412 p. ;
_c23 cm.
504 _aIncludes bibliographical references (p. [385]-400) and index.
600 1 0 _aJinnah, Mahomed Ali,
_d1876-1948.
650 0 _aStatesmen
_zPakistan
_xBiography.
700 1 _aQuraishi, Salim al-Din.
856 4 2 _3Publisher description
_uhttp://www.loc.gov/catdir/enhancements/fy0636/98107916-d.html
942 _2ddc
_cBK
999 _c70612
_d70612